000 00582nam a2200205Ia 4500
005 20250923145250.0
008 008 250917s9999 xx 000 0 eng d
037 _aTextual
040 _aDSWL
_beng
_cDSWL
041 _aeng
_2eng
084 _aYXx2, N72;2
_qDSWL
100 _aBanerjee, G.R.
_9833484
245 0 _aPapers on Social Work An Indian Perspective
_cby G.R. Banerjee
260 _aBombay
_bTata Institute of Social Science
300 _axvi,295p.
365 _aINR
_b30
925 _g30
942 _cTEXL
_hYXx2, N72;2
999 _c1449197
_d1449197